Oran - Choix multiples - Statistiques

Statistiques générales
  • Ce quiz a été pris 2 171 fois
    2 128 depuis la dernière actualisation
  • Le résultat moyen est 5 sur 10
Statistiques - réponses
Question Réponse % Correct
De quel style musical Oran est la capitale ? Raï
87%
Quel auteur français a écrit La Peste, se déroulant exclusivement à Oran ? Albert Camus
84%
Quel fruit est originaire d'Oran et ses environs ? Clémentine
59%
De quel animal, donnant son nom à la montagne côtoyant la cité et présent sur le blason de celle-ci, vient étymologiquement “Oran” en berbère ? Lion
59%
Quel écrivain a été en mission secrète à Oran pour son roi en 1581, inspirant certaines de ses œuvres ? Miguel de Cervantes
49%
Quel évènement survient à Oran 3 mois et demi après les accords d'Évian en 1962 ? Un massacre
46%
Laquelle de ces photographies n'a PAS été prise à Oran ?
38%
Avec quel fruit est confectionnée la pâtisserie nommée oranais, inventée à Oran ? Abricot
34%
Quel auteur algérien, lauréat du prix Goncourt 2024 pour Houris, a été pendant plus de 20 ans rédacteur en chef du Quotidien d’Oran ? Kamel Daoud
34%
Laquelle de ces personnalités n'est PAS née à Oran ? Michel Drucker
33%
Aucun quiz correspondant
Distribution des résultats
% des personnes avec chaque résultat
Percentile par nombre de réponses
Votre historique - résultats
Vous n’avez pas pris ce quiz depuis la dernière actualisation